Visualizzazione normale
Vista MARC
- Franck Cesar
di Personal Name
Records bibliografici associati: 1
001 - CONTROL NUMBER
- control field: 1426
003 - CONTROL NUMBER IDENTIFIER
- control field: IT-RoPau
005 - DATE AND TIME OF LATEST TRANSACTION
- control field: 20131108174418.0
008 - FIXED-LENGTH DATA ELEMENTS
- fixed length control field: 131108|| aca||aabn | a|a d
040 ## - CATALOGING SOURCE
- Original cataloging agency: IT-RoPau
- Transcribing agency: IT-RoPau
100 ## - HEADING--PERSONAL NAME
- Personal name: Franck Cesar
- Miscellaneous information: Codice autore SPICS: 11500
- Relator term: Autore
- Name of part/section of a work: Pane di vita
670 ## - SOURCE DATA FOUND
- Source citation: Work cat.: (IT-RoPau)102473: Bonfitto Michele 1419, L'amore che è in voi-Lp Hit 30.241